El problema de la vida : ensayo sobre los origenes del pensamiento biologico /

Guardado en:
Autor Principal: Smith, C. U. M.
Formato: Libro
Publicado: Madrid : Alianza, 1977
Series:Alianza Universidad, 200
Materias:
Etiquetas: Agregar Etiqueta
Sin Etiquetas, Sea el primero en etiquetar este registro!
LEADER 00528nam a22001695a 4500
001 EHU.bham001241
003 AR-BHAM
005 20070315164346.0
008 130507s1977##################000#0#####d
082 1 1 |a 111 
100 1 |a Smith, C. U. M. 
245 1 0 |a El problema de la vida :  |b ensayo sobre los origenes del pensamiento biologico /  |c C. U. M. Smith. 
260 |a Madrid :  |b Alianza,  |c 1977 
300 |a 448 p. 
490 0 |a Alianza Universidad, 200 
653 |a Ontologia 
859 |a AR-BHAM  |b BIB. HUMANIDADES - General  |h 111  |i SM53  |p 355.85  |t Ej.1